| 000 -LEADER |
| fixed length control field |
00496nam a22001697a 4500 |
| 008 - FIXED-LENGTH DATA ELEMENTS--GENERAL INFORMATION |
| fixed length control field |
240716b ||||| |||| 00| 0 eng d |
| 020 ## - INTERNATIONAL STANDARD BOOK NUMBER |
| International Standard Book Number |
9781947851559 |
| Terms of availability |
Rs.860.00 |
| 040 ## - CATALOGING SOURCE |
| Language of cataloging |
eng |
| 082 00 - DEWEY DECIMAL CLASSIFICATION NUMBER |
| Classification number |
658.40920954 |
| Item number |
R2151 |
| 100 ## - MAIN ENTRY--PERSONAL NAME |
| 9 (RLIN) |
5629 |
| Personal name |
Rao, C. B. |
| 245 10 - TITLE STATEMENT |
| Title |
Leadership for India INC : An experiential treatise / |
| 260 ## - PUBLICATION, DISTRIBUTION, ETC. (IMPRINT) |
| Place of publication, distribution, etc |
Chennai : |
| Name of publisher, distributor, etc |
Notion Press, |
| Date of publication, distribution, etc |
2018. |
| 300 ## - PHYSICAL DESCRIPTION |
| Extent |
xxxi, 442 p. : |
| Other physical details |
ill. ; |
| Dimensions |
24 cm |
| 365 ## - TRADE PRICE |
| Price type code |
INR |
| Price amount |
860.00 |
| 650 #0 - SUBJECT ADDED ENTRY--TOPICAL TERM |
| Topical term or geographic name as entry element |
Executive leadership |
| 942 ## - ADDED ENTRY ELEMENTS (KOHA) |
| Item type |
Books |